| 000 | 00000nam 2200000zi 4500 |
| 001 | 9.898213 |
| 003 | CaOODSP |
| 005 | 20240719142204 |
| 006 | m o d f |
| 007 | cr |n||||||||| |
| 008 | 210401s1975 onc o f000 0|eng d |
| 040 | |aCaOODSP|beng|erda|cCaOODSP |
| 043 | |an-cn-mb|an-cn--- |
| 086 | 1 |aRE24-53/1975E-PDF |
| 245 | 00|aSubsidiary agreement, planning, Canada/Manitoba, February 11, 1975. |
| 246 | 33|aCanada-Manitoba Subsidiary Agreement for Planning |
| 264 | 1|a[Ottawa] : |bRegional Economic Expansion = Expansion économique régionale, |c[1975] |
| 300 | |a1 online resource (7 pages) |
| 336 | |atext|btxt|2rdacontent |
| 337 | |acomputer|bc|2rdamedia |
| 338 | |aonline resource|bcr|2rdacarrier |
| 500 | |aDigitized edition from print [produced by Innovation, Science and Economic Development Canada]. |
| 500 | |aIssued also in French under title: Entente auxiliaire, planification, Canada/Manitoba, 11 février 1975. |
| 650 | 0|aEconomic assistance, Domestic|zManitoba. |
| 650 | 0|aFederal government|zManitoba. |
| 651 | 0|aManitoba |xEconomic policy. |
| 710 | 1 |aCanada. |bDepartment of Regional Economic Expansion, |eissuing body. |
| 775 | 08|tEntente auxiliaire, planification, Canada/Manitoba, 11 février 1975.|w(CaOODSP)9.940793 |
| 856 | 40|qPDF|s504 KB|uhttps://publications.gc.ca/collections/collection_2024/isde-ised/re24/RE24-53-1975-eng.pdf |